000 00562nam a2200193Ia 4500
005 20260120131812.0
008 008 260114s9999 xx 000 0 eng d
020 _a9781383004342
037 _aEBOOK
040 _aCRL
_beng
_cCRL
041 _aeng
_2eng
084 _qCRL
100 _aReyes
_9931372
245 0 _aArchaic Cyprus: A Study of the Textual and Archaeological Evidence
260 _bOxford University PressOxford University Press
_c2023
856 _uhttps://academic.oup.com/book/46949
942 _cEBOOK
999 _c1523294
_d1523294